|
|
|
|
| LEADER |
00000nam a22000007a 4500 |
| 005 |
20111215140622.0 |
| 007 |
cr|||| |||| |
| 008 |
111215s2010 pe |||||s|||| 00||0 spa d |
| 020 |
|
|
|a 978-612-4047-20-6
|
| 035 |
|
|
|a 6113
|
| 040 |
|
|
|a vLex
|
| 090 |
|
|
|c 2833
|d 2833
|
| 100 |
1 |
|
|a Landa Arroyo, Cšar
|
| 245 |
0 |
4 |
|a Los Procesos Constitucionales en la Jurisprudencia del Tribunal Constitucional
|h [Recurso electrn̤ico] /
|c Cšar Landa Arroyo
|
| 256 |
|
|
|a Servicio en ln̕ea
|
| 260 |
|
|
|a Lima :
|b Palestra Editores,
|c 2010
|
| 300 |
|
|
|a 1 recurso electrn̤ico
|
| 500 |
|
|
|a Obra dirigida a los estudiantes y profesionales del Derecho Procesal Constitucional, como un instrumento de consulta y de defensa de la supremaca̕ jurd̕ica constitucional y la tutela de los derechos fundamentales.
|
| 506 |
1 |
|
|a Contenido solo disponible en los productos indicados
|d vLex Global
|d vLex Global (Academic Edition, excluding Law Schools)
|d vLex Global (U.S. Academic Edition, Law Schools)
|d vLex Global (U.S. Academic Edition, excluding Law Schools)
|d vLex Global (Academic Edition, Law Schools)
|
| 650 |
0 |
4 |
|a Derecho constitucional
|z Per︢
|
| 740 |
0 |
|
|a vLex Libros (Servicio en ln̕ea)
|
| 856 |
4 |
0 |
|u http://vlex.com/source/procesos-constitucionales-jurisprudencia-tribunal-constitucional-6113
|z Acceso restringido
|
| 942 |
|
|
|c BOOK
|
| 999 |
0 |
|
|a Constitutional law
|